| 000 | 00376nam a22001577a 4500 | ||
|---|---|---|---|
| 005 | 20160627165154.0 | ||
| 008 | 160627b xxu||||| |||| 00| 0 eng d | ||
| 041 | _aeng | ||
| 082 | _b10676 | ||
| 100 |
_aKapoor, V.K. _92994 |
||
| 245 | _aOperations Research | ||
| 260 |
_a New Delhi _bSultan Chand & Sons, _c1994 |
||
| 300 | _a20.22 | ||
| 650 |
_aManagement _9241 |
||
| 942 | _cBK | ||
| 999 |
_c4328 _d4327 |
||